Estudio arquitectónico de las ruinas mayas Yucatán y Campeche (Record no. 97955)

MARC details
000 -LEADER
campo de control de longitud fija 00728nam a2200193 i 4500
001 - NÚMERO DE CONTROL
campo de control 97955
003 - IDENTIFICADOR DE NÚMERO DE CONTROL
campo de control ES-MaACL
005 - FECHA Y HORA DE LA ÚLTIMA TRANSACCIÓN
campo de control 20230906182205.0
007 - CAMPO FIJO DE DESCRIPCIÓN FÍSICA--INFORMACIÓN GENERAL
campo de control de longitud fija t|
008 - DATOS DE LONGITUD FIJA--INFORMACIÓN GENERAL
campo de control de longitud fija 050721s1928 mx ||||1| spa d
100 1# - ENTRADA PRINCIPAL--NOMBRE DE PERSONA
Nombre de persona Mariscal, Federico E.
9 (RLIN) 76885
245 10 - MENCIÓN DEL TÍTULO
Título Estudio arquitectónico de las ruinas mayas Yucatán y Campeche
Resto del título : contribución de México al XXIII Congreso de Americanistas /
Mención de responsabilidad, etc. Federico E. Mariscal.
260 ## - PUBLICACIÓN, DISTRIBUCIÓN, ETC.
Lugar de publicación, distribución, etc. México :
Nombre del editor, distribuidor, etc. [s.n.],
Fecha de publicación, distribución, etc. 1928 (
Fabricante Talleres Gráficos de la Nación)
300 ## - DESCRIPCIÓN FÍSICA
Extensión 110 p. :
Otras características físicas il. ;
Dimensiones 30 cm.
650 #4 - PUNTO DE ACCESO ADICIONAL DE MATERIA--TÉRMINO DE MATERIA
Término de materia o nombre geográfico como elemento de entrada Arquitectura maya.
9 (RLIN) 151195
711 2# - ENTRADA AGREGADA--NOMBRE DE REUNIÓN
Nombre de congreso/reunión o jurisdicción como elemento de entrada Congreso Internacional de Americanistas (
Número del congreso/reunión o número de parte o sección 23º.
Fecha del congreso o de la firma del tratado 1928.
Sede del congreso/Lugar de la reunión New York)
9 (RLIN) 405
852 ## - LOCALIZACIÓN
Ubicación ES-MaACL
Número de control de estantería B-6529
852 ## - LOCALIZACIÓN
Ubicación ES-MaACL
Número de control de estantería F-14522
Holdings
Estatus retirado Estado de pérdida Estado de daño No para préstamo Biblioteca de origen Biblioteca actual Ubicación en estantería Fecha de adquisición Fuente de adquisición Total de préstamos Signatura topográfica completa Código de barras Visto por última vez Precio de reemplazo Tipo de ítem Koha
        Biblioteca del Ateneo de Madrid Biblioteca del Ateneo de Madrid Sala Pecera Planta 2 17/01/2008     F-14522 1102255 23/02/2023 23/02/2023 Libro impreso
        Biblioteca del Ateneo de Madrid Biblioteca del Ateneo de Madrid Sala Pardo Bazán 17/01/2008     B-6529 1102254 23/02/2023 23/02/2023 Libro impreso